Régimen disciplinario (Registro nro. 39201)

Detalles MARC
000 -ENCABEZADO
Número de control [NR] 00988nam a2200253Ia 4500
005 - FECHA Y HORA DE LA ÚLTIMA TRANSACCIÓN
control field 20160713152843.0
008 - DE LONGITUD FIJA DE DATOS DE ELEMENTOS - INFORMACIÓN GENERAL
Elementos de longitud fija [NR] 130821s2012 ck gr spa
020 ## - NUMERO INTERNACIONAL NORMALIZADO PARA LIBROS [R]
Número Internacional Normalizado del libro [NR] 9789586539722 (4a.Ed.)
040 ## - FUENTE DE CATALOGACION [NR]
Agencia de catalogación original [NR] CO-BoUCM
Idioma de catalogación [NR] spa
Quien Cataloga Saul Niño (Modificó)
Quien Clasifica [Nuevo]
041 00 - CODIGO DE IDIOMA [R]
Código de idioma para texto/pista de sonido o título separado [R] Español
100 1# - ASIENTO PRINCIPAL--NOMBRE PERSONAL [NR]
Nombre personal [NR] Brito Ruíz, Fernando
ID Autoridad 33230
245 10 - MENCION DE TITULO [NR]
Título [NR] Régimen disciplinario
Parte restante del título [NR] procedimiento ordinario, procedimiento verbal, pruebas
Mención de responsabilidad, etc. [NR] Fernando Brito Ruíz
250 ## - MENCION DE EDICION [NR]
Mención de edición [NR] Cuarta edición actualizada
260 ## - PUBLICACION, DISTRIBUCION, ETC. (PIE DE IMPRENTA) [R]
Lugar de publicación, distribución, etc. [R] Bogotá (Colombia)
Nombre del editor, distribuidor, etc. [R] Legis
Fecha de publicación, distribución, etc. [R] 2012
300 ## - DESCRIPCION FISICA [R]
Extensión [R] xvii, 467 páginas
504 ## - NOTA DE BIBLIOGRAFIA, ETC. [R]
Nota de bibliografía, etc. [NR] Incluye referencias bibliográficas e índices
650 04 - ASIENTO SECUNDARIO DE MATERIA - TERMINO TEMATICO [R]
Término temático o nombre geográfico como elemento de entrada [NR] Corrupción administrativa
Subdivisión general [R] Legislación
Subdivisión geográfica [R] Colombia
9 (RLIN) 42311
650 04 - ASIENTO SECUNDARIO DE MATERIA - TERMINO TEMATICO [R]
Término temático o nombre geográfico como elemento de entrada [NR] Derecho administrativo
9 (RLIN) 12695
650 04 - ASIENTO SECUNDARIO DE MATERIA - TERMINO TEMATICO [R]
Término temático o nombre geográfico como elemento de entrada [NR] Función pública
9 (RLIN) 16187
650 04 - ASIENTO SECUNDARIO DE MATERIA - TERMINO TEMATICO [R]
Término temático o nombre geográfico como elemento de entrada [NR] Funcionarios públicos
Subdivisión general [R] Legislación
Subdivisión geográfica [R] Colombia
9 (RLIN) 41202
690 #0 - ASUNTO AGREGADO LOCAL DE ENTRADA - TÉRMINO TEMÁTICO (OCLC, RLIN)
Acceso temático local Derecho administrativo
9 (RLIN) 12695
942 ## - ELEMENTOS DE ENTRADA AGREGADOS (KOHA)
Tipo de ítem principal el descrito en 300a Libro
Tema principal Derecho
Edición 4
Parte restante de la signatura top. B862r
Sistema de clasificación DEWEY
Clasificación 342.068
Existencias
Fecha de último préstamo Total préstamos Total Renewals Signatura topográfica Código de barras Última vez visto Volúmen / Fascículo Ejemplar Price effective from Tipo de ítem Perdido Sistema de clasificación Dañado No prestable Tipo de ítem específico Suprimido Ubicación habitual Ubicación actual Localización Fecha de creación Forma de adquisición Costo Costo de reposición Proveedor
02/02/2024 31 16 342.068 B862r 100127906 12/06/2026 4a. Ed. Ej.1 03/02/2013 Libro   DEWEY     Libro   Claustro Claustro 3er piso 28/02/2013 Compra 58100.00    
01/11/2025 15 10 342.068 B862r 100149511 05/12/2025 4a.Ed. Ej.2 12/07/2016 Libro   DEWEY     Libro   Claustro Claustro 3er piso 12/07/2016 Compra 93500.00 93500.00 10